000 01208nam0a2200337 i 4500
001 RU\NLR\BIBL_A\010473270
005 20260405220637.0
010 _a9785906686824
_94000
021 _aRU
_b2014-56207
_93394
035 _a(NILC)RuMoRGB-007523411
035 _a(NLR Aleph) 010473270
090 _a10030758
_c10030758
100 _a20141007d2014 u y0rusy50 ca
101 1 _arus
_ceng
102 _aRU
105 _aa z 000yy
200 1 _aХроники Акаши
_eченнелинг хранителей вселенской информации
_fЛумари
_g[пер. с англ. Ю. Купатадзе]
210 _aМосква
_cСофия
_d2014
215 _a126, [1] с.
_cил.
_d20
300 _aЗагл. и авт. ориг.: Akashic records / Lumari
454 1 _12001#$aAkashic records
_1700#0$aLumari
_tAkashic records
_aLumari
606 _aЧеннелинг
_92524665
_3RU\NLR\AUTH\661495781
686 2 _aЭ391.93
700 1 _8rus
_7ca
_aЛумари
_3RU\NLR\AUTH\7799038
_981964
801 0 _aRU
_bРГБ
_c20110725
_gRCR
801 1 _aRU
_bРГБ
_c20110725
_2rusmarc
942 _cBOOK
980 _aNBR